[Event "Hessen-ch U17 op"]
[Site "Bad Homburg"]
[Date "2015.04.02"]
[Round "6"]
[White "Scheithauer, Dominik"]
[Black "Hennemann, Tim"]
[Result "1/2-1/2"]
[WhiteElo "1091"]
[BlackElo "1486"]
[PlyCount "42"]
[EventDate "2015.03.30"]
[EventType "swiss"]
[EventRounds "7"]
[EventCountry "GER"]
[SourceTitle "EXT 2017"]
[Source "ChessBase"]
[SourceDate "2016.10.25"]
[SourceVersion "1"]
[SourceVersionDate "2016.10.25"]
[SourceQuality "1"]

1. e4 c6 2. Nc3 d5 3. f3 e5 4. d3 Bb4 5. a3 Ba5 6. Bd2 Nf6 7. Nge2 0-0 8. f4 exf4 9. Nxf4 dxe4 10. Nxe4 Nxe4 11. dxe4 Bxd2+ 12. Qxd2 Qxd2+ 13. Kxd2 Re8 14. Bd3 Nd7 15. Rhe1 Nc5 16. Re3 b6 17. b4 Nxd3 18. cxd3 a5 19. bxa5 Rxa5 20. d4 Be6 21. d5 g5 1/2-1/2

[Event "Hessen-ch U12"]
[Site "Bad Homburg"]
[Date "2013.??.??"]
[Round "1"]
[White "Buermann, Theresia"]
[Black "Scheithauer, Dominik"]
[Result "1-0"]
[WhiteElo "1276"]
[BlackElo "851"]
[PlyCount "69"]
[EventDate "2013.03.??"]
[EventType "swiss"]
[EventRounds "9"]
[EventCountry "GER"]
[SourceTitle "EXT 2014"]
[Source "ChessBase"]
[SourceDate "2013.11.20"]
[SourceVersion "1"]
[SourceVersionDate "2013.11.20"]
[SourceQuality "1"]

1. e4 e5 2. Nf3 Nc6 3. Bc4 Bc5 4. 0-0 Nf6 5. d4 Nxd4 6. Nxe5 0-0 7. Be3 Ne6 8. Bxe6 Bxe3 9. Bxf7+ Rxf7 10. Nxf7 Kxf7 11. fxe3 Qe7 12. Qd4 d6 13. Nc3 Bg4 14. e5 dxe5 15. Qxg4 Kg8 16. Qc4+ Kh8 17. h3 Rd8 18. Rad1 Rxd1 19. Rxd1 Qf8 20. Qxc7 b5 21. Rd8 Ne8 22. Qd7 h6 23. Rxe8 Qxe8 24. Qxe8+ Kh7 25. Qxe5 b4 26. Qe4+ g6 27. Qxb4 h5 28. Qf4 Kg7 29. e4 Kh7 30. e5 Kg7 31. e6 Kh7 32. e7 Kg7 33. e8Q Kh7 34. Qe7+ Kg8 35. Qff8# 1-0